Guess the Country by a historical description - Statistics

General Stats
  • This quiz has been taken 53 times
  • The average score is 12 of 15
Answer Stats
Description Answer % Correct
Abolished the monarchy in 1953 and known for its Pyramids and Sphinxes Egypt
96%
Was home to the Roman Empire and a different amount of the kingdoms before the Empire Italy
96%
Was ruled under a Tsar of the Romanovs until the Revolution began Russia
96%
Was known for its dynasties under a Emperor and the invention of Paper China
94%
At one point was the biggest empire and the biggest colonial one United Kingdom
92%
This Country was responsible for the Marshall Plan during the Cold War United States of America
92%
Famous for soccer player Pele, And also was known to have won the most World Cups in the History of Football. Brazil
90%
The capital of the country was formerly referred to as Edo during the Edo Period Japan
90%
Joan of Arc was from here France
86%
Was the first country to host and win a FIFA World Cup. Uruguay
73%
The Maurya Empire thrived in this country India
67%
The first civilizations originated in the rivers of this country Iraq
67%
Mount Krakatoa erupted in 1883 in what country? Indonesia
65%
Gained independence in 1901 when the colonies federated Australia
43%
At one point one of the wealthiest countries due to Phosphate Deposits Nauru
39%
No matching quizzes found
Score Distribution
Percent of People with Each Score
Percentile by Number Answered
Your Score History
You have not taken this quiz